A handbook for institutional academic and program planning : from idea to implementation /

Bibliographic Details
Main Author: Kieft, Raymond N.
Other Authors: Armijo, Frank, Bucklew, Neil S.
Format: Book
Language:English
Published: Boulder, Co. : National Center for Higher Education Management Systems, 1978.
Subjects:

MARC

Tag First Indicator Second Indicator Subfields
LEADER 00000cam a2200000 a 4500
001 in00000088179
005 20151008065046.0
008 781024s1978 coua b 00010 eng d
035 |a (OCoLC)04315886 
035 |9 AAK5281AM 
040 |a LNE  |c LNE  |d TXA  |d UtOrBLW 
049 |a TXAM  |c [1655511] 
090 |a LB2322  |b .K52 
100 1 |a Kieft, Raymond N. 
245 1 2 |a A handbook for institutional academic and program planning :  |b from idea to implementation /  |c Raymond N. Kieft, Frank Armijo, Neil S. Bucklew. 
264 1 |a Boulder, Co. :  |b National Center for Higher Education Management Systems,  |c 1978. 
300 |a xvi, 67 pages :  |b illustrations ;  |c 27 cm. 
336 |a text  |b txt  |2 rdacontent 
337 |a unmediated  |b n  |2 rdamedia 
338 |a volume  |b nc  |2 rdacarrier 
504 |a Bibliography: pages 63-67. 
650 0 |a Universities and colleges  |x Planning. 
700 1 |a Armijo, Frank. 
700 1 |a Bucklew, Neil S. 
999 |a MARS 
999 f f |s ef91a5d5-a715-3a09-a2c7-d3a0ec384537  |i 377be706-7d0c-3421-b626-5f4501ae3568  |t 0 
952 f f |p normal  |a Texas A&M University  |b College Station  |c Sterling C. Evans Library  |d Evans: Library Stacks  |t 0  |e LB2322 .K52  |h Library of Congress classification  |i unmediated -- volume  |m A14806161275 
998 f f |a LB2322 .K52  |t 0  |l Evans: Library Stacks